Hidrología en la ingeniería

Na minha lista:
Detalhes bibliográficos
Autor principal: Monsalve Saenz, German
Formato: Livro
Idioma:Spanish
Publicado em: México, D.F. : Alfaomega ; [Santafe de Bogota, Colombia] : Escuela Colombiana de Ingenieria, 1999
Assuntos:
Tags: Adicionar Tag
Sem tags, seja o primeiro a adicionar uma tag!

MARC

LEADER 00000nam a2200000Ia 4500
003 000004
005 20221231144016.0
008 140114s1999 ck a 000 ||spa d
040 |c cru CEDI 
082 |a 551.49 M754h 
100 |a Monsalve Saenz, German  |9 19762 
245 |a Hidrología en la ingeniería 
260 |a México, D.F. : Alfaomega ; [Santafe de Bogota, Colombia] : Escuela Colombiana de Ingenieria,  |c 1999 
650 |x HIDROLOGIA  |9 19763 
942 |2 ddc  |c BK 
999 |c 15561  |d 15561